000 00743nam a2200217Ia 4500
003 GCL
008 140319s9999 xx 000 0 ara d
040 _aGCL /
_cGCL
082 0 4 _a720.284
_bم ر
100 1 _aمحمد عبدالله الدرايسة
245 1 0 _aالرسم المعمارى /
_cمحمد عبدالله الدرايسة
250 _aالاولى
260 _aالاردن :
_bمكتبة المجتمع العربى للنشر والتوزيع ،
_c2005
300 _a201 ص ؛
_c28 سم
650 0 4 _aالرسم الهندسى
650 0 4 _aالعمارة
650 0 4 _aالرسم المعمارى
650 0 4 _aالهندسة المعمارية
650 0 4 _aالعمارة - تصميمات
942 _2ddc
_cBK
999 _c56786
_d56786